| 000 | 00448 a2200133 4500 | ||
|---|---|---|---|
| 001 | 91241 | ||
| 082 | _aPR 1163 | ||
| 090 |
_c43328 _d43328 |
||
| 100 | _aAskry Ali Khan; Prof Irfan-ul-Haq and Khalid M Tahir (Advisors) | ||
| 245 |
_aTo Serve the Equipment in Heat Transfer Laboratory, Perform Experiments & prepare experimental Data sheet _n40 "A" EC |
||
| 260 |
_aKarachi _bNED University _c1994 |
||
| 300 | _ax;226p | ||
| 500 | _aBE Project Reports | ||
| 942 |
_aCAE NUST _kPR 1163 |
||
| 999 |
_c326314 _d326314 |
||